000 00414nam a2200169Ia 4500
008 230524s9999 xx 000 0 und d
020 _a9780198068815
082 _a624.1821
_bSUB
100 _aN.Subramanian
245 0 _aSteel Structures Design and Practice
250 _a1
260 _aNew Delhi
_bOxford
_c2012
300 _a"xiv,763p;"
500 _aQuantity Number: 2
650 _aCivil
942 _cBK
999 _c55771
_d55771